000 00246nam a22001217a 4500
008 230703b xxu||||| |||| 00| 0 eng d
082 _a351
_bCOL
100 _cCOL
245 _aKenya 1962
260 _aLondon
300 _a202p
942 _2ddc
_cBK
999 _c3164
_d3164